| 000 | 01104cam a2200325 i 4500 | ||
|---|---|---|---|
| 999 |
_c7683 _d7683 |
||
| 001 | 991060895096206706 | ||
| 003 | OSt | ||
| 005 | 20230329104704.0 | ||
| 008 | 221219e202212 spcad|||||||||||| ||spa|c | ||
| 015 |
_aLL2023 _2bnc |
||
| 017 |
_aDL B 21599-2022 _bBiblioteca de Catalunya |
||
| 020 | _a9788491809777 | ||
| 040 |
_aES-BaUOC _bcat _erda _cCDMR |
||
| 080 |
_a339.138 _22004 |
||
| 080 |
_a791 _22004 |
||
| 100 | 1 | _aGarcía Santamaría, José Vicente, | |
| 245 | 1 | 0 |
_aMarketing cinematográfico y de series / _cJosé Vicente García Santamaría, Miriam Rodríguez Pallares |
| 260 |
_aBarcelona : _bUOC, _c2022 |
||
| 300 |
_a216 pàgines : _bil·lustracions ; _c24cm |
||
| 490 | 1 |
_aManuales (Editorial UOC) ; _v717 |
|
| 504 | _aInclou referències bibliogràfiques | ||
| 650 | 7 |
_aCinematografia _2lemac _xMàrqueting |
|
| 650 | 0 |
_aSèries televisives _93804 _xMàrqueting |
|
| 650 | 7 |
_aSagues cinematogràfiques _2lemac _xMàrqueting |
|
| 700 | 1 | _aRodríguez Pallares, Miriam, | |
| 830 | 0 |
_aManuales (Editorial UOC) ; _v717 |
|
| 908 |
_aUOC _aUAB _aUB _aBC |
||
| 940 | _aUOC | ||
| 942 |
_2udc _cMON |
||